|
|
|
|
| LEADER |
00000cam a2200000 7i4500 |
| 001 |
0000005899 |
| 002 |
000006373 |
| 005 |
20000330.0 |
| 020 |
|
|
|a 9838990221
|
| 090 |
0 |
0 |
|a J297.63
|b ESA
|
| 100 |
0 |
|
|a Esa Rahman
|
| 245 |
1 |
0 |
|a Kisah-kisah dalam riwayat hidup Rasulullah SAW
|c Esa Rahman dan Mohd.Shariff Mat Saad
|
| 260 |
|
|
|a Kuala Lumpur :
|b Syarikat S.Abdul Majeed ,
|c 1991
|
| 300 |
|
|
|a 194p. ;
|c 22cm.
|
| 650 |
0 |
0 |
|a Prophet, Muhammad
|x Biography
|
| 999 |
|
|
|a 00068867
|b BUKU
|c PINJAMAN
|e PERPUSTAKAAN KOMUNITI PETALING JAYA
|
| 999 |
|
|
|a 033988
|b BUKU
|c PINJAMAN
|e PERPUSTAKAAN KOMUNITI PETALING JAYA
|